Eastern Utah Libraries Catalog: Duchesne, Heber, Roosevelt, & Vernal

Orange is the new black (Record no. 284535)

MARC details
000 -LEADER
fixed length control field 03359cim a2200589Ii 4500
001 - CONTROL NUMBER
control field ocn781937108
003 - CONTROL NUMBER IDENTIFIER
control field OCoLC
005 - DATE AND TIME OF LATEST TRANSACTION
control field 20200320192754.0
007 - PHYSICAL DESCRIPTION FIXED FIELD--GENERAL INFORMATION
fixed length control field sd fungnnmmned
008 - FIXED-LENGTH DATA ELEMENTS--GENERAL INFORMATION
fixed length control field 120328s2012 ctunnnn am n eng d
019 ## -
-- 785862496
020 ## - INTERNATIONAL STANDARD BOOK NUMBER
International Standard Book Number 9781452657660
020 ## - INTERNATIONAL STANDARD BOOK NUMBER
International Standard Book Number 1452657661
020 ## - INTERNATIONAL STANDARD BOOK NUMBER
Terms of availability 29.99
035 ## - SYSTEM CONTROL NUMBER
System control number (OCoLC)781937108
Canceled/invalid control number (OCoLC)785862496
040 ## - CATALOGING SOURCE
Original cataloging agency TANCP
Language of cataloging eng
Transcribing agency TANCP
Modifying agency OCLCQ
-- BDX
-- BTCTA
-- OCLCO
-- EJ4
-- VP@
-- OCLCA
-- WACOL
049 ## - LOCAL HOLDINGS (OCLC)
Holding library WACL
072 #7 - SUBJECT CATEGORY CODE
Subject category code BIO
Subject category code subdivision 026000
Source bisacsh
082 04 - DEWEY DECIMAL CLASSIFICATION NUMBER
Classification number 365.43092
Edition number 22
092 ## - LOCALLY ASSIGNED DEWEY CALL NUMBER (OCLC)
Classification number 365.43
Item number Ker
100 1# - MAIN ENTRY--PERSONAL NAME
Personal name Kerman, Piper.
Relator code aut
9 (RLIN) 5883230
245 10 - TITLE STATEMENT
Title Orange is the new black
Medium [sound recording] :
Remainder of title my year in a women's prison : a memoir /
Statement of responsibility, etc Piper Kerman.
250 ## - EDITION STATEMENT
Edition statement Retail ed.
260 ## - PUBLICATION, DISTRIBUTION, ETC. (IMPRINT)
Place of publication, distribution, etc [Old Saybrook, CT] :
Name of publisher, distributor, etc Tantor Media, Inc.,
Date of publication, distribution, etc p2012.
300 ## - PHYSICAL DESCRIPTION
Extent 1 sound disc (11.5 hr.) :
Other physical details digital ;
Dimensions 4 3/4 in.
511 0# - PARTICIPANT OR PERFORMER NOTE
Participant or performer note Read by Cassandra Campbell.
500 ## - GENERAL NOTE
General note Unabridged.
500 ## - GENERAL NOTE
General note Compact disc, MP3 format.
500 ## - GENERAL NOTE
General note Duration: 11:30:00.
521 ## - TARGET AUDIENCE NOTE
Target audience note General adult.
538 ## - SYSTEM DETAILS NOTE
System details note System requirements: CD player or PC with MP3 playback capability.
520 ## - SUMMARY, ETC.
Summary, etc "With a career, a boyfriend, and a loving family, Piper Kerman barely resembles the reckless young woman who delivered a suitcase of drug money ten years ago. But that past has caught up with her. Convicted and sentenced to fifteen months at the infamous federal correctional facility in Danbury, Connecticut, the well-heeled Smith College alumna is now inmate #11187-424-- one of the millions of women who disappear 'down the rabbit hole' of the American penal system. From her first strip search to her final release, Kerman learns to navigate this strange world with its strictly enforced codes of behavior and arbitrary rules, where the uneasy relationship between prisoner and jailer is constantly and unpredictably recalibrated. She meets women from all walks of life, who surprise her with small tokens of generosity, hard words of wisdom, and simple acts of acceptance. Heartbreaking, hilarious, and at times enraging, Orange Is the New Black offers a rare look into the lives of women in prison, why it is we lock so many away, and what happens to them when they're there" -- from publisher's web site.
610 20 - SUBJECT ADDED ENTRY--CORPORATE NAME
Corporate name or jurisdiction name as entry element Federal Correctional Institution (Danbury, Conn.)
9 (RLIN) 5792932
600 10 - SUBJECT ADDED ENTRY--PERSONAL NAME
Personal name Kerman, Piper.
9 (RLIN) 5883230
650 #0 - SUBJECT ADDED ENTRY--TOPICAL TERM
Topical term or geographic name as entry element Women prisoners
Geographic subdivision Connecticut
-- Danbury.
9 (RLIN) 5891186
650 #0 - SUBJECT ADDED ENTRY--TOPICAL TERM
Topical term or geographic name as entry element Reformatories for women
Geographic subdivision Connecticut
-- Danbury.
9 (RLIN) 5891187
650 #7 - SUBJECT ADDED ENTRY--TOPICAL TERM
Topical term or geographic name as entry element BIOGRAPHY & AUTOBIOGRAPHY.
General subdivision Personal Memoirs.
Source of heading or term bisacsh
9 (RLIN) 5891188
650 #7 - SUBJECT ADDED ENTRY--TOPICAL TERM
Topical term or geographic name as entry element SOCIAL SCIENCE.
General subdivision Penology.
Source of heading or term bisacsh
9 (RLIN) 5891189
650 #7 - SUBJECT ADDED ENTRY--TOPICAL TERM
Topical term or geographic name as entry element BIOGRAPHY & AUTOBIOGRAPHY.
General subdivision General.
Source of heading or term bisacsh
9 (RLIN) 5891190
650 #7 - SUBJECT ADDED ENTRY--TOPICAL TERM
Topical term or geographic name as entry element BIOGRAPHY & AUTOBIOGRAPHY.
General subdivision Women.
Source of heading or term bisacsh
9 (RLIN) 5891191
650 #7 - SUBJECT ADDED ENTRY--TOPICAL TERM
Topical term or geographic name as entry element SOCIAL SCIENCE.
General subdivision General.
Source of heading or term bisacsh
9 (RLIN) 5891192
655 #7 - INDEX TERM--GENRE/FORM
Genre/form data or focus term Audiobooks.
Source of term lcgft
9 (RLIN) 5891193
700 1# - ADDED ENTRY--PERSONAL NAME
Personal name Campbell, Cassandra.
Relator code nrt
9 (RLIN) 71281
710 2# - ADDED ENTRY--CORPORATE NAME
Corporate name or jurisdiction name as entry element Tantor Media.
9 (RLIN) 5690030
938 ## -
-- Tantor Media
-- TANT
-- 9781452657660
938 ## -
-- Brodart
-- BROD
-- 102262772
-- $29.99
938 ## -
-- Baker and Taylor
-- BTCP
-- BK0011088855
942 ## - ADDED ENTRY ELEMENTS (KOHA)
Koha item type CD
948 ## - LOCAL PROCESSING INFORMATION (OCLC); SERIES PART DESIGNATOR (RLIN)
Series part designator, SPT (RLIN) 09/10/2014
z (OCLC) Sirsi
994 ## -
-- 02
-- WACOL
996 ## -
-- 111783
-- 34301001386467
-- Mp3CD
-- CD
-- wcl
-- i
-- 5
-- 29.99
-- amazon
-- 365.43 Ker
-- 09/10/2014
-- 08/14/2017
-- 08/07/2017
Holdings
Withdrawn status Lost status Source of classification or shelving scheme Damaged status Not for loan Collection code Home library Current library Shelving location Date acquired Source of acquisition Cost, normal purchase price Total Checkouts Full call number Barcode Date last seen Date checked out Cost, replacement price Price effective from Koha item type
    Dewey Decimal Classification     MP3 Audiobooks Wasatch County Library Wasatch County Library Second Floor 09/10/2014 Amazon 29.99 7 MP3 365.43 Ker 34301001386467 05/07/2024 11/15/2023 29.99 03/20/2020 Audiobook on CD
This project was made possible through a grant from the Institute of Museum and Library Service administered by the Utah State Library Division.

Wasatch County Library

  • 465 East 1200 South, Heber City, Utah 84032
  • Phone 435-654-1511 | Fax 435-654-6456

Hours

  • Monday - Friday 9:30 AM - 8:00 PM
  • Saturday 9:30 AM - 1:30 PM
  • Closed Sundays and Holidays